000 00581nam a2200241Ia 4500
003 OSt
005 20220924152242.0
006 a|||||r|||| 00| 0
007 ta
008 220923b |||||||| |||| 00| 0 mar d
020 _c3.50
024 _a341676
037 _cTextual
040 _aARTS
_cARTS
_bmar
041 _2mar
_amar
082 _aO155,3Nx, K1
100 _aKhrat S.R.
_9226220
245 0 _aTadipar
260 _c1961
650 _aMARATHI LITERATURE
_938000
942 _hO155,3Nx, K1
_cTEXL
_2CC
999 _c469226
_d469226